000 02310nam a2200229Ia 4500
003 Ost
005 20260507075001.0
008 260507s9999||||xx |||||||||||||| ||und||
020 _a9957160656
040 _cfsecg
041 _aara
082 _a658.562
100 _aعلوان، قاسم نايف
_eمؤلف
245 0 _aإدارة الجودة الشاملة ومتطلبات الايزو 9001:2000 /
_c قاسم نايف علوان
260 _aعمان:
_bدار الثقافة للنشر,
_c2005
300 _a284 صفحة؛
_bإيضاحات ؛
_c24 سم
520 _aيعتبر الكتاب مرجع جيداً حيث يمكن الاستفادة منه فهو يقدم معلومات وافية وعامة لفكرة وفلسفة الجودة وارداة الجودة الشاملة وسلسلة مواصفات الايزو. إمكانية الاستفادة والتعلم من هذا الكتاب للمبتدئين في علم الجودة جيدة جداً ، اذا كنتم من الريادين و ستبدؤن مشروعكم الخاص أو كنتم ستعملون في شركة او منظمة حصلت على الايزو او تعمل جاهدة لذلك فهذا الكتاب لكم .ولمراجعة فصول الكتاب فهي تتناول المواضيع التالية : الفصل الأول : التعريف بالجودة ومراحل تطورها الفصل الثاني : نظام ضبط الجودة الفصل الثالث : الاطار الفكري لادارة الجودة الشاملة الفصل الرابع :متطلبات إدارة الجودة الشاملة ومراحل تطبيقها الفصل الخامس : دور حلقات الجودة في تطوير إدارة الشاملة الفصل السادس : إدارة الجودة الشاملة :دراسة حالة تطبيقية الفصل السابع : الخلفية العامة لسلسلة مواصفات الايزو ISO9000 الفصل الثامن :طبيعة المواصفات الدولية ايزوISO9001:2000 الفصل التاسع : المواصفة الدولية ايزو :ISO 9001:2000 دراسة حالة تطبيقية
653 _aالإدارة
653 _aضبط الجودة
653 _aمنظمات التقييس _ ايزو
942 _cكتاب
999 _c42072
_d42072